| 000 | 00699nab a2200205 4500 | ||
|---|---|---|---|
| 001 | 244442 | ||
| 003 | OSt | ||
| 005 | 20250717081202.0 | ||
| 007 | tu | ||
| 008 | 200917s2020||||||| | ||
| 040 |
_aDE-2950 _cDE-2950 |
||
| 245 | 0 | 0 |
_aLinke unterstützen SPD-Kandidatin _bOB-Wahl. Die mitgliederstärkste Partei in Frankfurt verzichtet auf einen eigenen Bewerber und stellt sich hinter Simona Koß. Wie die Parteispitze die Entscheidung begründet/ _cThomas Gutke, |
| 264 | _c2024 | ||
| 653 | _aFrankfurt (Oder) | ||
| 653 | _aOB-Wahl | ||
| 653 | _aDie Linke | ||
| 653 | _aSimona Koß | ||
| 773 | 0 |
_g36. Jahrgang (2025) Nr. 162 vom 15.07.2025, S. 13 mit Foto _tMärkische Oderzeitung |
|
| 942 |
_2z _cA |
||
| 999 |
_c373892 _d373892 |
||